| 000 | 00893cam a2200265Ma 4500 | ||
|---|---|---|---|
| 005 | 20180118154102.0 | ||
| 008 | 171130s1998 mx r 001 0 spa d | ||
| 020 | _a9701019083 | ||
| 020 | _a1560531606 | ||
| 020 | _a9789701019085 | ||
| 035 | _a(OCoLC)807670281 | ||
| 040 |
_aCO-BoUCm _bspa _cSandra Palacio _dSandra Palacio |
||
| 041 | 1 |
_aspa _heng |
|
| 060 | _aWL 704 | ||
| 245 | 0 | 0 |
_aSecretos del tratamiento de dolor _c[editado por] Ronald Kanner; traducción: María Teresa Aguilar |
| 260 |
_aMéxico, D.F. _bMcGraw-Hill Interamericana _c1998 |
||
| 300 | _axiii, 329 páginas | ||
| 500 | _aReimpressions: 1999. | ||
| 650 | 1 | 7 |
_aDolor _913529 |
| 650 | 2 | 7 |
_aTerapéutica _925343 |
| 650 | 2 | 7 |
_aDolor _913529 _xTratamiento |
| 700 | 1 |
_aKanner, Ronald _eeditor _989893 |
|
| 700 | 1 |
_aAguilar, María Teresa _etraductor _989894 |
|
| 942 |
_2NLM _cLIBRO _a15 _e1 _hWL 704 _mS446st _n0 |
||
| 999 |
_c308226 _d308226 |
||